000 003560000a22001690004500
005 20120302062407.0
942 _cBOOK
100 _a Vidyaranya
245 _a Jeewanmuktivivek
260 _aPune:Aanandashram,1978.
300 _a118p.
040 _aSAN
365 _b10/-
650 _aSanskrut
650 _aSankeerna
650 _aJeewanmuktivivek
999 _c356586
_d356583